Statistics for Countries By Tallest Building #1

Click here to take the quiz!

General Stats

  • This quiz has been taken 14 times
  • The average score is 17 of 20

Answer Stats

CityBuildingAnswer% Correct
ViennaDC TowerAustria
100%
TorontoFirst Canadian PlaceCanada
100%
JakartaAutograph TowerIndonesia
100%
VilniusEuropa TowerLithuania
100%
LisbonTorre Vasco da GamaPortugal
100%
KingstonJamaica Pegasus HotelJamaica
92%
Ulaan BaatarShangri-La Wind Valley Wing HotelMongolia
92%
KathmanduKathmandu View TowerNepal
92%
RotterdamDe ZalmhavenNetherlands
92%
BratislavaEurovea TowerSlovakia
92%
SarajevoAvaz Twist TowerBosnia and Herzegovina
85%
Nur-SultanAbu Dhabi PlazaKazakhstan
85%
AntananarivoOrange Telecommunication TowerMadagascar
85%
LagosNECOM HouseNigeria
85%
KarachiBahria Icon TowerPakistan
85%
MeccaAbraj Al BaitSaudi Arabia
85%
GeorgetownNew Pegasus HotelGuyana
62%
Gold CoastQ1 TowerAustralia
54%
Balneário CamboriúOne TowerBrazil
54%
LilongwePresident Walmont HotelMalawi
46%

Score Distribution

Percentile by Number Answered

Percent of People with Each Score

Your Score History

You have not taken this quiz